Imperialismo hoy /
Պահպանված է:
| Հիմնական հեղինակ: | |
|---|---|
| Այլ հեղինակներ: | |
| Ձևաչափ: | Տեքստ |
| Հրապարակվել է: |
Buenos Aires:
Periferia
|
| Ցուցիչներ: |
Ավելացրեք ցուցիչ
Չկան պիտակներ, Եղեք առաջինը, ով նշում է այս գրառումը!
|
MARC
| LEADER | 00000 a a2200000 04500 | ||
|---|---|---|---|
| 001 | 23897 | ||
| 003 | |||
| 040 | |||
| 090 | |a 165100 | ||
| 100 | |a O'Connor, James | ||
| 245 | |a Imperialismo hoy / |c James O'Connor | ||
| 260 | |a Buenos Aires: |b Periferia | ||
| 300 | |a 262 p. | ||
| 700 | |a Marcus, L. |a Kotz, David |a Mandel, Ernest |a Nicolaus, Martín | ||
| 999 | |c 12473 |d 12473 | ||
